| 000 | 00934nam a22002417a 4500 | ||
|---|---|---|---|
| 999 |
_c7437 _d7437 |
||
| 003 | AR-CdUCM | ||
| 008 | 190320b ||||| |||| 00| 0 spa d | ||
| 040 |
_aMUNICIPALIDAD PROVINCIAL DEL CUSCO _cBIBLIOTECA MUNICIPAL DEL CUSCO |
||
| 082 |
_a616.9893 / _bAR77 |
||
| 100 |
_aArregui L., Alberto _920973 |
||
| 245 |
_aSalud y minería : _bel riesgo del mal de montaña crónico entre mineros de Cerro de Pasco / |
||
| 260 |
_aLima : _bADEC-ATC, _c1990. |
||
| 300 |
_a125 páginas ; _btablas, figuras, _c20 cm. |
||
| 505 | _aContenido: El proceso de poblamiento de Cerro de Pasco -- La población minera de Cerro de Pasco -- El minero de Cerro de Pasco -- El riesgo de mal de montaña ... | ||
| 650 |
_aCerro de Pasco _920974 |
||
| 650 |
_aPerú _935 |
||
| 650 |
_aMinería _9430 |
||
| 650 |
_aSalud _98684 |
||
| 700 |
_aVelarde, F. Leon _920975 |
||
| 700 |
_aValcarcel, M. (coautores) _920976 |
||
| 942 |
_2ddc _cLIBROS |
||
| 945 | _aachl | ||